[Event "SVK Extraliga 2017-18"]
[Site "Slovakia"]
[Date "2017.12.09"]
[Round "5"]
[White "Rigo, Zsolt"]
[Black "Jakubiec, Artur"]
[Result "0-1"]
[WhiteElo "2394"]
[BlackElo "2512"]
[Annotator "TA"]
[PlyCount "77"]
[EventDate "2017.??.??"]
[EventType "team-tourn"]
[EventCountry "SVK"]
[SourceTitle "playchess.com"]
[Source "ChessBase"]
[SourceQuality "1"]

{[%evp 15,77,14,19,0,12,14,13,17,25,7,56,0,20,6,38,16,16,7,12,8,20,25,9,0,0,0,0,-32,-32,-58,-47,-92,-93,-102,-95,-264,-237,-316,-290,-300,-290,-335,-316,-333,-226,-375,-379,-498,-494,-516,-518,-491,-460,-1199,-1182,-1618,-1121,-1302,-1262,-2367,-1331,-1741,-1552,-29988]} 1. e4 c5 2. Nf3 d6 3. d4 cxd4 4. Nxd4 Nf6 5. Nc3 a6 6. Be2 e5 7. Nb3 Be7 8. O-O Be6 9. Qd3 {B92: Sicilian Najdorf: 6 Be2} Nbd7 10. Nd5 Bxd5 11. exd5 {The position is equal.} O-O 12. Bd2 a5 {Threatening ...a4.} 13. Qb5 $146 (13. a4 $14) ({Predecessor:} 13. a4 Qc7 14. Rfd1 Rfc8 15. Rac1 g6 16. h3 Bf8 17. Qf3 Bg7 {½-½ (63) Hou,Y (2676)-Nepomniachtchi,I (2720) Dortmund 2015}) 13... a4 14. Na5 Nc5 15. b4 axb3 $1 16. axb3 Qc7 17. f3 e4 18. b4 exf3 19. gxf3 Ncd7 20. c4 Rfb8 21. Be3 Bf8 22. Bd4 g6 $1 23. Rad1 Qd8 {And now ...Ne8 would win.} 24. f4 Ne8 {[%cal Bf6e8,Be8d6,Bd6c4,Bc4e3][%mdl 32] White must now prevent ...Nc7.} 25. c5 $2 {[#]} (25. Rd2 $17) 25... dxc5 $1 $19 26. Bf2 cxb4 27. Nb3 Ra3 28. Nd4 {and the idea Ne6 leaves White hopeful.} Ndf6 29. Bf3 Nd6 30. Qe2 (30. Qxb4 $142 Nde4 31. Qb2) 30... Qd7 31. f5 Re8 {Black is clearly winning.} 32. Qb2 Nc4 33. Qc1 Ne3 34. Ne6 (34. Bxe3 $142 Rexe3 35. Kh1) 34... Nxf1 35. Nxf8 Rxf8 36. Bg2 {[#]} Nxh2 $1 37. Bd4 (37. Kxh2 Qxf5) 37... Nhg4 {Threatens to win with ...Qd6.} 38. Rf1 Qd6 {[%csl Gg4][%cal Rd6h2]} 39. Re1 {Precision: White = 23%, Black = 76%.} 0-1

[Event "SVK Extraliga 2017-18"]
[Site "Slovakia"]
[Date "2017.12.09"]
[Round "5"]
[White "Hrabusa, Matej"]
[Black "Repkova, Eva"]
[Result "1/2-1/2"]
[WhiteElo "2376"]
[BlackElo "2301"]
[Annotator "NA"]
[PlyCount "66"]
[EventDate "2017.??.??"]
[EventType "team-tourn"]
[EventCountry "SVK"]
[SourceTitle "playchess.com"]
[Source "ChessBase"]
[SourceQuality "1"]
[TimeControl "40/5400+30:1800+30"]

{[%evp 14,65,21,29,35,14,16,0,32,6,10,-3,0,-22,26,30,36,0,12,0,0,-47,-15,-35,-37,-39,-14,-32,-1,0,-29,-55,0,0,0,-22,0,0,0,0,0,-90,-39,-38,-60,-163,0,0,0,0,0,0,0,0]} 1. Nf3 Nf6 2. c4 e6 3. g3 b6 4. Bg2 {[%emt 0:00:09]} Bb7 {[%emt 0:00:51]} 5. O-O {[%emt 0:00:41]} Be7 {[%emt 0:01:43]} 6. b3 {[%emt 0:04:18]} O-O {[%emt 0:00:21]} 7. Bb2 {[%emt 0:00:51]} d6 {[%emt 0:01:14]} 8. d4 {[%emt 0:09:27]} Nbd7 {[%emt 0:00:07] LiveBook: 34 Games} 9. Re1 {[%emt 0:02:41] E17: Queen's Indian: 4 g3 Bb7 5 Bg2 Be7} (9. Nbd2 Ne4 10. Nxe4 Bxe4 11. Nd2 Bxg2 12. Kxg2 Qc8 13. e3 Qb7+ 14. Qf3 Qxf3+ 15. Kxf3 {½-½ (15) Kurajica,B (2556)-Savic,M (2515) Sarajevo 2012}) 9... Ne4 {[%emt 0:01:02]} 10. Nfd2 {[%emt 0:03:24]} f5 {[%emt 0:01:00]} 11. Qc2 $146 {[%emt 0:03:19]} Ndf6 {[%emt 0:02:12]} 12. Nc3 {[%emt 0:03:40]} d5 {[%emt 0:00:29]} 13. Ncxe4 {[%emt 0:06:58]} fxe4 {[%emt 0:00:35]} 14. f3 {[%emt 0:01:28]} Qe8 {[%emt 0:03:43]} 15. cxd5 {[%emt 0:11:34]} exd5 {[%emt 0:00:05]} 16. Qxc7 {[%emt 0:00:49]} Bb4 {[%emt 0:00:35]} 17. Nxe4 {[%emt 0:16:03]} dxe4 {[%emt 0:06:06]} 18. Qxb7 {[%emt 0:00:09]} Rf7 {[%emt 0:00:45]} 19. Qa6 {[%emt 0:00:47]} Bxe1 {[%emt 0:00:58]} 20. Rxe1 {[%emt 0:00:04]} exf3 {[%emt 0:00:03]} 21. Bxf3 {[%emt 0:00:47]} Qe3+ {[%emt 0:00:10]} 22. Kg2 {[%emt 0:00:46]} (22. Kh1 $5 {[%cal Rf3a8]} Ne4 23. Qc4 $11) 22... Ne4 {[%emt 0:00:26]} 23. Rf1 {[%emt 0:03:22]} Raf8 {[%emt 0:00:48]} 24. d5 {[%emt 0:04:51] [#]} Rxf3 $1 {[%emt 0:09:06]} 25. Rxf3 {[%emt 0:05:37]} Rxf3 {[%emt 0:00:48]} 26. exf3 {[%emt 0:00:11]} Qd2+ {[%emt 0:03:22]} 27. Kh1 {[%emt 0:05:51]} (27. Kh3 $11 {hält das Gleichgewicht.} Nf2+ 28. Kg2 Nd1+ 29. Kh3 Nf2+ 30. Kg2 Ng4+ 31. Kh3 Nf2+) 27... Qd1+ $1 {[%emt 0:03:56]} 28. Kg2 {[%emt 0:00:06]} Qc2+ {[%emt 0:00:03]} 29. Kh3 {[%emt 0:04:19] [#]} (29. Kg1 $1 $15 Ng5 30. d6 Nxf3+ 31. Kf1) 29... Nf2+ $2 {[%emt 0:04:01]} (29... Ng5+ $1 $19 30. Kg4 g6) 30. Kh4 {[%emt 0:02:17]} Qc7 {[%emt 0:13:32]} (30... Qxb2 $5 31. Qc8+ $8 Kf7 32. Qe6+ Kf8 $11) 31. Bf6 $1 {[%emt 0:06:05]} gxf6 {[%emt 0:10:05]} 32. Qe2 {[%emt 0:00:19]} Qc5 {[%emt 0:00:09]} 33. g4 $11 {[%emt 0:01:34]} Nh1 {[%emt 0:07:51]} 1/2-1/2

[Event "SVK Extraliga 2017-18"]
[Site "Slovakia"]
[Date "2017.12.09"]
[Round "5"]
[White "Cech, Pavel"]
[Black "Vetoshko, Volodymyr"]
[Result "1/2-1/2"]
[WhiteElo "2369"]
[BlackElo "2537"]
[Annotator "TA"]
[PlyCount "169"]
[EventDate "2017.??.??"]
[EventType "team-tourn"]
[EventCountry "SVK"]
[SourceTitle "playchess.com"]
[Source "ChessBase"]
[SourceQuality "1"]

{[%evp 19,169,16,41,0,31,11,22,16,9,-14,-17,-12,-6,-34,-32,-35,-23,-29,-34,-46,-31,-47,-48,-52,-36,-82,-12,-25,0,0,-2,0,-6,-33,-32,-28,0,0,0,0,0,0,0,0,0,0,0,0,0,-18,-18,-63,-58,-59,-33,-50,0,0,0,0,0,0,0,0,0,-52,0,0,0,-60,0,0,0,-191,-197,-178,-176,-488,-376,-12835,-76,-12836,-12836,-12837,-12837,-12836,-12836,-12837,-12835,-12839,-12839,-12840,-12840,-12841,-12841,-12841,0,0,0,0,0,0,0,0,0,0,0,-12841,-12842,-12843,-12843,-12844,-12844,-12845,-12845,-12850,-12851,-12851,0,0,0,0,0,0,0,0,0,0,0,0,0,0,0,0,0,0,0,0,0,0,0,0,0,0,0,0,0,0,0,0,0,0]} 1. d4 Nf6 2. c4 e6 3. g3 c5 4. d5 exd5 5. cxd5 d6 6. Nc3 g6 7. Bg2 Bg7 8. Nf3 O-O 9. O-O Nbd7 10. Bf4 Qe7 11. Qd2 {A62: Modern Benoni: Fianchetto Variation without early ...Nbd7} (11. Re1 Nh5 12. Bg5 f6 13. Bd2 f5 14. Bg5 Ndf6 15. e4 fxe4 16. Nxe4 Qc7 17. Bxf6 Nxf6 18. Neg5 Qb6 {½-½ (29) Vallejo Pons,F (2711)-Ponomariov,R (2709) Tallinn 2016}) 11... Ng4 12. Rab1 Nde5 13. Nxe5 Nxe5 14. Bh6 Bxh6 15. Qxh6 f5 16. Qd2 b6 17. b4 Ba6 18. bxc5 bxc5 {[#]} 19. Nb5 $146 ({Predecessor:} 19. Rb3 Rab8 {½-½ (19) Nikolic,P (2540)-Sax,G (2570) Niksic 1983}) 19... Rab8 20. a4 Qd7 {[%cal Ra6b5]} 21. f4 Ng4 22. h3 Bxb5 (22... Nf6 $17 {[%cal Ra6b5]} 23. Qd3 Rfe8) 23. Rxb5 $11 Rxb5 24. axb5 Nf6 25. Ra1 Rb8 26. Qa5 Rxb5 27. Qxa7 {[#]} Rb1+ $1 {[%mdl 512]} 28. Kf2 (28. Rxb1 Qxa7) 28... Rxa1 (28... Rb7 {is more complex.} 29. Qa8+ Kf7 30. Ra6 Rc7 31. Qb8 Qe7) 29. Qxa1 Kf7 30. Bf3 h5 31. Qa5 Qe7 32. Qb6 Qd7 33. Ke3 Ke7 34. Qb8 Qa4 {[%csl Gc5][%cal Ra4d4]} 35. Qb7+ Nd7 {[%csl Gc5][%cal Ra4d4]} 36. Qb2 Kf7 37. g4 fxg4 38. hxg4 h4 39. g5 $1 c4 40. Qh8 Qa7+ 41. Kd2 Qa5+ 42. Kc2 (42. Ke3 $11 Qb6+ 43. Kd2) 42... Qa2+ (42... Qa4+ $1 $15 43. Kd2 c3+ $1 {[%mdl 512]} 44. Qxc3 Qxf4+ 45. Qe3 Qb4+ 46. Kd1 Ne5 47. Qa7+ Kg8 48. Qa8+ Kf7 49. Qa7+ Ke8 50. Qa8+ Kf7 51. Qa7+) 43. Kc1 Qa3+ 44. Kc2 (44. Kd2 $11) 44... Qb3+ (44... Qa4+ $1 $15 45. Kd2 c3+ $1 {[%mdl 512]} 46. Qxc3 Qxf4+ 47. Qe3 Qb4+ 48. Kc2 Ne5 49. Qa7+ Kg8 50. Qa8+ Kf7 51. Qa7+ Kf8 52. Qa8+ Kg7 53. Qa7+ Kf8 54. Qa8+ Ke7 55. Qa7+ Kf8) 45. Kd2 Qb4+ 46. Kc2 $2 (46. Ke3 $11 {and White has nothing to worry.} Qc5+ 47. Ke4) 46... c3 $1 $19 47. Qh7+ Ke8 48. Qxg6+ $2 (48. Qh8+ Nf8 49. Qxc3 Qxf4 50. Kd3) 48... Kd8 {Strongly threatening ...Qb2+.} 49. Qd3 $2 (49. Kd1 Qxf4 50. Qd3) 49... Qb2+ $1 50. Kd1 Nc5 $1 {[%cal Rc5d3]} 51. Qc2 Qa1+ 52. Qc1 Qxc1+ 53. Kxc1 {[%mdl 4096] Endgame KB-KN} Nb3+ $1 54. Kd1 {[#]} c2+ $1 55. Kxc2 Nd4+ 56. Kd3 Nxf3 {KN-KP} 57. Ke3 {[#]} Ne1 $2 (57... Nd2 $1 $19 {[%mdl 512]} 58. Kf2 (58. Kxd2 h3) 58... Ne4+ 59. Kg2 Nc3) 58. Kf2 $11 h3 59. Kg3 Ng2 {...Nxf4! is the strong threat.} 60. f5 Nf4 61. e4 $1 Ke7 62. Kh2 Kf7 63. Kg3 $2 {[%mdl 8192]} (63. e5 $11 dxe5 64. g6+ Nxg6 65. fxg6+ Kxg6 66. d6 (66. Kxh3 Kf5 $11)) 63... Nd3 $19 64. Kxh3 Nf2+ 65. Kg3 Nxe4+ {KN-K3P} 66. Kf4 Nc3 67. Ke3 Nxd5+ {KN-KPP} 68. Kd4 Nc7 $2 ({Black should play} 68... Nb6 $19 69. Ke3 Ke8) 69. Ke4 $11 {The position is equal.} Ke7 70. Kd4 Ne8 71. Ke4 Kd7 72. Kd5 Ng7 73. Ke4 Nh5 74. Kd5 Ng7 (74... Ng3 $5 75. f6 $8 Ne2 $11) 75. Ke4 Nh5 76. Kd5 Ng3 77. f6 Nh5 78. f7 Nf4+ 79. Ke4 Ne6 80. g6 {aiming for g7!} Ke7 81. Kf5 Nc5 82. Kf4 Nd7 83. Ke4 Nc5+ 84. Kd5 Nd7 85. g7 {Precision: White = 54%, Black = 77%.} 1/2-1/2

[Event "SVK Extraliga 2017-18"]
[Site "Slovakia"]
[Date "2017.12.09"]
[Round "5"]
[White "Zetocha, Claudiu"]
[Black "Haring, Filip"]
[Result "0-1"]
[WhiteElo "2352"]
[BlackElo "2267"]
[Annotator "NA"]
[PlyCount "57"]
[EventDate "2017.??.??"]
[EventType "team-tourn"]
[EventCountry "SVK"]
[SourceTitle "playchess.com"]
[Source "ChessBase"]
[SourceQuality "1"]
[TimeControl "40/5400+30:1800+30"]

1. Nf3 {[%emt 0:00:00]} d5 {[%emt 0:00:11]} 2. d4 {[%emt 0:00:34]} Nf6 {[%emt 0:00:15]} 3. c4 {[%emt 0:01:05]} e6 {[%emt 0:00:11]} 4. Nc3 {[%emt 0:00:32]} c6 {[%emt 0:00:41]} 5. e3 {[%emt 0:01:06]} Be7 {[%emt 0:01:48]} 6. Bd3 {[%emt 0:08:06]} dxc4 {[%emt 0:01:17]} 7. Bxc4 {[%emt 0:00:08]} b5 {[%emt 0:00:12]} 8. Be2 {[%emt 0:01:04]} O-O {[%emt 0:01:55]} 9. O-O {[%emt 0:00:42]} Bb7 {[%emt 0:01:54]} 10. Qc2 {[%emt 0:01:26]} Nbd7 {[%emt 0:05:41]} 11. Rd1 {[%emt 0:14:01]} Rc8 {[%emt 0:05:41]} 12. a3 $11 {[%emt 0:08:34]} c5 {[%emt 0:02:33]} 13. Bxb5 {[%emt 0:20:16]} Bxf3 {[%emt 0:01:00]} 14. gxf3 {[%emt 0:00:41]} cxd4 {[%emt 0:05:36]} 15. Rxd4 {[%emt 0:01:17]} Qc7 {[%emt 0:00:42]} 16. Qd1 {[%emt 0:05:25]} Ne5 {[%emt 0:03:14]} 17. Be2 {[%emt 0:02:18]} Bc5 {[%emt 0:02:58]} 18. Rd2 {[%emt 0:01:28]} Ng6 {[%emt 0:05:37]} 19. Na4 {[%emt 0:07:52]} Qe5 {[%emt 0:05:31]} 20. Nxc5 {[%emt 0:02:57]} Qxc5 {[%emt 0:08:44]} 21. Rd4 {[%emt 0:04:15]} Qg5+ {[%emt 0:03:07]} 22. Kh1 {[%emt 0:00:34]} e5 {[%emt 0:00:28]} 23. Rd6 {[%emt 0:02:04]} Ne8 {[%emt 0:10:46]} 24. Rd2 {[%emt 0:03:22]} Rc6 {[%emt 0:04:15]} 25. Qg1 {[%emt 0:01:57]} Qh6 {[%emt 0:02:11]} 26. Rd8 {[%emt 0:03:11]} Qh4 {[%emt 0:05:24]} 27. Bb5 {[%emt 0:01:53]} Rxc1 {[%emt 0:01:19]} 28. Bf1 Rc6 29. Ra8 0-1

[Event "SVK Extraliga 2017-18"]
[Site "Slovakia"]
[Date "2017.12.09"]
[Round "5"]
[White "Cibickova, Zuzana"]
[Black "Nemeth, Miklos"]
[Result "0-1"]
[WhiteElo "2326"]
[BlackElo "2487"]
[Annotator "TA"]
[PlyCount "72"]
[EventDate "2017.??.??"]
[EventType "team-tourn"]
[EventCountry "SVK"]
[SourceTitle "playchess.com"]
[Source "ChessBase"]
[SourceQuality "1"]

{[%evp 18,72,0,18,17,16,49,29,40,41,35,39,54,31,44,0,0,0,14,7,4,11,8,0,9,0,31,-35,-38,-36,-36,-32,-34,-89,-59,-60,-59,-87,-87,-87,-87,-136,-136,-651,-631,-639,-643,-1058,-1034,-1366,-1366,-1358,-1358,-1412,-1064,-29980,-29980]} 1. e4 e5 2. Nf3 Nc6 3. Bc4 Bc5 4. c3 Nf6 5. d3 d6 6. O-O O-O 7. Nbd2 Bb6 8. Bb3 Ne7 9. Nc4 Ng6 10. Re1 c6 {C54: Giuoco Piano: 4 c3 Nf6, main lines with 5 d4 and 5 d3} (10... Be6 11. h3 h6 12. a4 c6 13. Nxb6 Bxb3 14. Qxb3 axb6 15. Be3 Ra6 16. Nd2 d5 17. exd5 cxd5 18. Nf3 Qc7 19. Qb5 Rfa8 20. Ra3 Qc6 {½-½ (20) Ponomariov,R (2717)-Krasenkow,M (2661) Lugo 2007}) 11. Nxb6 Qxb6 12. h3 h6 {White has an edge.} 13. d4 Qc7 14. Bc2 $146 ({Predecessor:} 14. dxe5 dxe5 {1-0 (33) Souleidis,G (2413)-Forgues,F (2146) France 2008}) 14... Be6 15. Nh2 Rad8 16. dxe5 dxe5 17. Qf3 Qe7 18. g3 Rd7 19. Ng4 Nxg4 20. hxg4 Rfd8 21. Qe2 b5 {[#]} 22. f3 (22. g5 $1 $14 {[%mdl 512]}) 22... Bc4 $36 {[%mdl 2048] Black has the initiative.} 23. Qf2 Nf8 {[%cal Bg6f8,Bf8e6,Be6g5][%mdl 32]} 24. Be3 Ne6 25. b4 (25. Red1 $15) 25... Ng5 {aiming for ...Nh3+.} 26. Kg2 $1 Qe6 27. Rad1 Bxa2 28. Rxd7 Rxd7 29. Bxa7 {[#]} Bb3 $1 {[%cal Rb3c2] And now ...Bxc2 would win.} 30. Bb1 $2 {[%mdl 8192]} (30. Be3 $17) 30... Bd1 $19 31. Rxd1 Rxd1 32. Bc2 Ra1 33. Be3 Qc4 34. Bd2 Ra2 35. Be1 Ne6 36. Qd2 {[#]} Nd4 $1 {[%mdl 512] Precision: White = 22%, Black = 75%.} 0-1

[Event "SVK Extraliga 2017-18"]
[Site "Slovakia"]
[Date "2017.12.09"]
[Round "5"]
[White "Vass, Frantisek"]
[Black "Vajda, Levente"]
[Result "0-1"]
[WhiteElo "2324"]
[BlackElo "2579"]
[Annotator "TA"]
[PlyCount "82"]
[EventDate "2017.??.??"]
[EventType "team-tourn"]
[EventCountry "SVK"]
[SourceTitle "playchess.com"]
[Source "ChessBase"]
[SourceQuality "1"]

{[%evp 9,82,-63,0,-4,-1,0,4,-8,-6,-7,15,16,19,0,0,-32,13,10,40,8,16,16,11,7,7,7,7,7,7,7,13,12,10,7,7,7,14,-2,-2,-7,-2,-8,-13,-11,-3,-74,-74,-74,-74,-94,-94,-199,-94,-97,-96,-112,-112,-111,-90,-129,-96,-135,-129,-127,-117,-122,-122,-168,-157,-164,-154,-269,-268,-268,-268]} 1. d4 Nf6 2. Bg5 d5 3. Nf3 Ne4 4. h4 c5 5. e3 (5. dxc5 Nc6 6. Nbd2 Nxc5 7. e3 f6 8. Bf4 e5 9. Bg3 Be6 10. Be2 Qb6 11. Nb3 Ne4 12. Bh2 {0-1 (35) Vass,F (2402)-Antoniewski,R (2508) Slovakia 2008}) 5... cxd4 ({Günstiger ist} 5... f6 $15 6. Bf4 cxd4 7. exd4 e5 $1 {[%mdl 512]} 8. dxe5 Bc5 9. Bb5+ Nc6) 6. exd4 $11 {D03: Damenbauernspiele} Nc6 7. c3 Bg4 $146 ({Vorgänger:} 7... h6 8. Bf4 Bf5 9. Ne5 Nxe5 10. Bxe5 h5 11. Qb3 f6 12. Bf4 e6 13. Qxb7 Be7 14. f3 Nd6 15. Bxd6 Bxd6 16. Qxg7 Rf8 17. Bb5+ {1-0 (17) Kochetov,E (1904)-Ibragimov,T (1772) Astrakhan 2013}) 8. Be2 {Die Stellung ist ausgeglichen.} Qc7 9. Nbd2 Nxg5 (9... h6 {keeps more tension.} 10. Be3 Bf5 11. Nxe4 Bxe4 12. O-O e6) 10. hxg5 g6 11. Qb3 e6 12. Rh4 (12. Bb5 {is interesting.} Bg7 13. Qa3 a6 14. Rh4 Bf8 15. Qa4) 12... Bxf3 13. Nxf3 Be7 14. O-O-O O-O-O 15. Kb1 h5 16. Bd3 Rhf8 17. Qc2 Kb8 18. Qd2 Bd6 19. Rdh1 Qc8 20. Qe2 a6 21. g4 hxg4 22. Rxg4 Rh8 23. Rgg1 Bf4 24. Qe1 Rde8 25. Rxh8 Rxh8 26. Rh1 Qd8 27. Rxh8 (27. a3 $11 {bleibt in der Remisbreite.}) 27... Qxh8 $17 28. Qf1 Qh5 29. Qg2 {[#]} Bxg5 $1 {[%mdl 512]} 30. Qg3+ {[#]} (30. Be2 $17 Bf4 31. Qf1) (30. Nxg5 Qd1#) 30... Kc8 (30... e5 $1 $19 {[%mdl 512] ...Dh1+ ist eine echte Drohung.} 31. Bf1 {[#]} (31. dxe5 Qh1+) 31... Bh4 $1 {[%mdl 512]} 32. Qxh4 Qxf3) 31. Kc2 Bd8 32. Qf4 g5 33. Qe3 Bf6 34. Ng1 Kd7 35. Ne2 Be7 36. Ng3 Qh6 37. Ne2 Bd6 38. Qf3 f5 {[%cal Bf7f5,Bf5f4][%mdl 32]} 39. Qg2 g4 40. a3 (40. Nc1 $17) 40... Qh3 $19 41. Qg1 f4 {Precision: Weiß = 41%, Schwarz = 58%.} 0-1

[Event "SVK Extraliga 2017-18"]
[Site "Slovakia"]
[Date "2017.12.09"]
[Round "5"]
[White "Briestensky, Rastislav"]
[Black "Urhegyi, Marton"]
[Result "1-0"]
[WhiteElo "2322"]
[BlackElo "2249"]
[Annotator "NA"]
[PlyCount "104"]
[EventDate "2017.??.??"]
[EventType "team-tourn"]
[EventCountry "SVK"]
[SourceTitle "playchess.com"]
[Source "ChessBase"]
[SourceQuality "1"]
[TimeControl "40/5400+30:1800+30"]

1. e4 {[%emt 0:00:00]} c5 {[%emt 0:00:13]} 2. Nf3 {[%emt 0:00:00]} d6 {[%emt 0:00:03]} 3. g3 {[%emt 0:00:37]} Nc6 {[%emt 0:01:23]} 4. Bg2 {[%emt 0:00:20]} g6 {[%emt 0:02:54]} 5. O-O {[%emt 0:02:11] LiveBook: 151 Partien} Bg7 {[%emt 0:00:12]} 6. d3 {[%emt 0:03:27]} e6 {[%emt 0:11:51]} 7. Re1 {[%emt 0:06:04]} Nge7 {[%emt 0:00:28]} 8. c3 {[%emt 0:00:14] A04: Unusual lines after 1 Nf3 and King's Indian Attack} d5 {[%emt 0:07:07]} (8... O-O 9. Na3 e5 10. Nc2 h6 11. b4 b6 12. Be3 Kh7 13. bxc5 bxc5 14. d4 exd4 15. cxd4 d5 16. exd5 Nxd5 17. dxc5 Nxe3 18. Nxe3 Bxa1 19. Qxa1 {½-½ (102) Lie,K (2533)-Ragger,M (2689) Norway 2016}) 9. e5 {[%emt 0:00:55]} O-O {[%emt 0:01:59]} 10. h4 {[%emt 0:03:37]} b5 $146 {[%emt 0:06:15]} ({Predecessor:} 10... Qc7 11. Bf4 Qb6 12. Qc1 f6 13. Nbd2 fxe5 14. Nxe5 Nxe5 15. Bxe5 Bxe5 16. Rxe5 Nc6 17. Re1 {½-½ (33) Gardim,L (1591)-Calixto,R (1829) Ribeirao Preto 2014}) 11. Bf4 {[%emt 0:08:35]} c4 {[%emt 0:11:36]} 12. d4 {[%emt 0:01:07]} b4 {[%emt 0:01:04]} 13. h5 {[%emt 0:03:41]} Re8 {[%emt 0:09:51]} 14. Nbd2 {[%emt 0:08:38]} bxc3 {[%emt 0:04:45]} 15. bxc3 {[%emt 0:00:06]} Qa5 {[%emt 0:04:32]} 16. Qc1 {[%emt 0:01:10]} Bd7 {[%emt 0:08:50]} 17. Nf1 {[%emt 0:00:37]} Reb8 {[%emt 0:03:11]} 18. Ne3 {[%emt 0:01:40]} Qb6 {[%emt 0:07:14]} 19. Re2 {[%emt 0:05:49]} gxh5 {[%emt 0:05:45]} 20. Bg5 {[%emt 0:06:51]} Ng6 {[%emt 0:02:20]} 21. Nd1 {[%emt 0:02:01]} Bf8 {[%emt 0:04:12]} 22. Bf6 {[%emt 0:03:28]} h6 {[%emt 0:01:34]} 23. Ne1 $11 {[%emt 0:07:00]} ({Better is} 23. Nh2 $16) 23... Bg7 {[%emt 0:01:41]} 24. Bxg7 {[%emt 0:01:26]} Kxg7 {[%emt 0:00:04]} 25. Qe3 {[%emt 0:05:33]} Qd8 {[%emt 0:01:26]} 26. f4 {[%emt 0:00:09]} f5 {[%emt 0:01:02]} 27. Bf3 {[%emt 0:02:24]} h4 {[%emt 0:00:57]} 28. Bh5 {[%emt 0:02:34]} Be8 {[%emt 0:01:20]} 29. g4 {[%emt 0:00:40]} Nce7 {[%emt 0:00:33]} 30. Rg2 {[%emt 0:01:08]} Rb7 {[%emt 0:00:31]} 31. Nf3 {[%emt 0:00:55]} Rab8 {[%emt 0:00:33]} 32. Bxg6 {[%emt 0:06:04]} Bxg6 {[%emt 0:00:30]} 33. Nxh4 {[%emt 0:00:42]} fxg4 {[%emt 0:00:25]} 34. Rxg4 {[%emt 0:00:15]} Rb1 {[%emt 0:00:36]} 35. Rxb1 {[%emt 0:00:27]} Rxb1 {[%emt 0:00:02]} 36. Qd2 {[%emt 0:00:12]} Qe8 {[%emt 0:00:57]} 37. Qc2 {[%emt 0:00:44]} Rb6 {[%emt 0:00:19]} 38. Ne3 {[%emt 0:00:37]} Kh7 {[%emt 0:00:20]} 39. Nxg6 {[%emt 0:01:07]} Nxg6 {[%emt 0:00:03]} 40. f5 {[%emt 0:00:11]} exf5 {[%emt 0:30:46]} 41. Qxf5 {[%emt 0:31:22]} Qg8 {[%emt 0:00:00]} 42. Rg2 {[%emt 0:00:00]} Kh8 {[%emt 0:00:00]} 43. Kh2 {[%emt 0:00:00]} a5 {[%emt 0:00:00]} 44. Qh5 {[%emt 0:00:00]} Kh7 {[%emt 0:00:00]} 45. Rf2 {[%emt 0:00:00]} a4 {[%emt 0:02:29]} 46. Ng4 {[%emt 0:00:00]} Qg7 {[%emt 0:00:28]} 47. Nf6+ {[%emt 0:00:00]} Kh8 {[%emt 0:00:34]} 48. Rg2 {[%emt 0:00:00]} Rxf6 {[%emt 0:00:38]} 49. exf6 {[%emt 0:00:00]} Qc7+ {[%emt 0:00:27]} 50. Kh1 {[%emt 0:00:00]} Qf4 {[%emt 0:00:38]} 51. Rxg6 {[%emt 0:00:37]} Qe4+ {[%emt 0:00:43]} 52. Rg2 {[%emt 0:00:21]} Qe3 1-0

[Event "SVK Extraliga 2017-18"]
[Site "Slovakia"]
[Date "2017.12.09"]
[Round "5"]
[White "Jacko, Vladimir"]
[Black "Salai, Ladislav"]
[Result "0-1"]
[WhiteElo "2317"]
[BlackElo "2339"]
[Annotator "NA"]
[PlyCount "86"]
[EventDate "2017.??.??"]
[EventType "team-tourn"]
[EventCountry "SVK"]
[SourceTitle "playchess.com"]
[Source "ChessBase"]
[SourceQuality "1"]
[TimeControl "40/5400+30:1800+30"]

1. e4 {[%emt 0:16:24]} c5 {[%emt 0:00:19]} 2. Nf3 {[%emt 0:03:20]} Nc6 {[%emt 0:00:11]} 3. d4 {[%emt 0:01:49]} cxd4 {[%emt 0:00:11]} 4. Nxd4 {[%emt 0:00:10]} Nf6 {[%emt 0:00:10]} 5. Nc3 {[%emt 0:00:41]} e5 {[%emt 0:00:10]} 6. Ndb5 {[%emt 0:00:04]} d6 {[%emt 0:00:14]} 7. Bg5 {[%emt 0:00:34]} a6 {[%emt 0:00:22]} 8. Na3 {[%emt 0:00:05]} b5 {[%emt 0:00:17]} 9. Nd5 {[%emt 0:00:12]} Be7 {[%emt 0:00:38]} 10. Bxf6 {[%emt 0:00:21]} Bxf6 {[%emt 0:00:19]} 11. c4 {[%emt 0:00:09]} bxc4 {[%emt 0:15:35]} 12. Bxc4 {[%emt 0:06:56]} O-O {[%emt 0:02:45]} 13. O-O {[%emt 0:06:44]} Bg5 {[%emt 0:01:51]} 14. Nc2 {[%emt 0:20:28]} Kh8 {[%emt 0:05:05]} 15. Nce3 {[%emt 0:09:11]} g6 {[%emt 0:05:08]} 16. Kh1 {[%emt 0:02:50]} Be6 {[%emt 0:10:56]} 17. Rc1 {[%emt 0:02:02]} Rb8 {[%emt 0:11:02]} 18. b3 {[%emt 0:09:38]} Bxd5 {[%emt 0:04:08]} 19. Bxd5 {[%emt 0:02:18]} Ne7 {[%emt 0:03:59]} 20. Bc4 {[%emt 0:01:11]} Qb6 {[%emt 0:04:10]} 21. Qd3 {[%emt 0:04:15]} f5 {[%emt 0:01:44]} 22. exf5 {[%emt 0:04:18]} Bxe3 {[%emt 0:04:51]} 23. fxe3 {[%emt 0:00:40]} gxf5 {[%emt 0:01:17]} 24. Rcd1 {[%emt 0:05:41]} Rf6 {[%emt 0:01:42]} 25. Bxa6 {[%emt 0:00:52]} d5 {[%emt 0:01:13]} 26. Qc3 {[%emt 0:01:19]} Qxa6 {[%emt 0:00:48]} 27. Qxe5 {[%emt 0:00:06]} Qd6 {[%emt 0:01:10]} 28. Qb2 {[%emt 0:00:29]} Rb4 {[%emt 0:03:56]} 29. a3 {[%emt 0:00:43]} Re4 {[%emt 0:00:43]} 30. b4 {[%emt 0:00:17]} Qe5 {[%emt 0:00:58]} 31. Qxe5 {[%emt 0:01:08]} Rxe5 {[%emt 0:00:12]} 32. Rd3 {[%emt 0:00:27]} Rfe6 {[%emt 0:01:53]} 33. b5 {[%emt 0:00:34]} Rxe3 {[%emt 0:00:53]} 34. Rxe3 {[%emt 0:00:29]} Rxe3 {[%emt 0:00:13]} 35. Ra1 {[%emt 0:00:21]} d4 {[%emt 0:02:16]} 36. Kg1 {[%emt 0:00:13]} Nd5 {[%emt 0:00:52]} 37. a4 {[%emt 0:00:42]} Rb3 {[%emt 0:00:39]} 38. Kf2 {[%emt 0:00:44]} Kg7 {[%emt 0:00:49]} 39. Rd1 {[%emt 0:00:34]} Rb4 {[%emt 0:00:59]} 40. Ra1 {[%emt 0:00:28]} Nc3 {[%emt 0:30:54]} 41. a5 {[%emt 0:30:19]} Rb2+ {[%emt 0:02:27]} 42. Kf3 {[%emt 0:00:23]} Ne4 {[%emt 0:00:21]} 43. Kf4 {[%emt 0:00:27]} Kf6 {[%emt 0:00:29]} 0-1